LIBRARY & INFORMATION CENTRE, KCAET, TAVANUR

ONLINE PUBLIC ACCESS CATALOGUE (OPAC)

Normal view MARC view
  • Spray drying

Entry Topical Term

Number of records used in: 1

001 - CONTROL NUMBER

  • control field: 5515

003 - CONTROL NUMBER IDENTIFIER

  • control field: OSt

005 - DATE AND TIME OF LATEST TRANSACTION

  • control field: 20230803151706.0

008 - FIXED-LENGTH DATA ELEMENTS

  • fixed length control field: 230803|| aca||aabn | a|a d

040 ## - CATALOGING SOURCE

  • Original cataloging agency: OSt
  • Transcribing agency: OSt

150 ## - HEADING--TOPICAL TERM

  • Topical term or geographic name as entry element: Spray drying

670 ## - SOURCE DATA FOUND

  • Source citation: Work cat.: (OSt)6884: Masters, K. 5514, Spray drying handbook /, 1985.
free website counter